| 000 | 01004nam0a22002891 4500 | ||
|---|---|---|---|
| 001 | RU\INFOCOMM_317\NLR\5000041493 | ||
| 005 | 20250614081257.0 | ||
| 035 | _a(NLR Aleph) 010642633 | ||
| 090 |
_a10675937 _c10675937 |
||
| 100 | _a20130402d1982 |||y0rusy50 ca | ||
| 101 | 1 |
_aeng _crus |
|
| 102 | _aRU | ||
| 105 | _ay z|||| | ||
| 200 | 1 |
_aDiplomatic battles before World War II _fVilnis J. Sipols _g[Transl. from the Russ. by Lew Bodrov] |
|
| 210 |
_aM. _cProgress _d1982 |
||
| 215 |
_a314 с. _d21 см |
||
| 300 | _aНа обороте тит. л.: Дипломатическая борьба накануне второй мировой войны / Сиплос В. Я. | ||
| 320 | _aБиблиогр. в примеч.: с. 277-309 | ||
| 620 | _aМосква | ||
| 686 |
_aТ3(0)61-6 _2rubbk |
||
| 686 |
_aХ913.12 _2rubbk |
||
| 700 | 1 |
_aSipols _bV. _f1923- _gVilnis |
|
| 801 | 1 |
_aRU _bInfocomm _c20130402 |
|
| 801 | 0 |
_aRU _bINFOCOMM _gPSBO |
|
| 852 |
_aNLR _jИ25 Д-3/434 |
||
| 942 | _cBOOK | ||
| 980 | _aNB | ||